Antología de poetas líricos italianos (Record no. 24874)

MARC details
000 -LEADER
campo de control de longitud fija 00635nam a2200169 i 4500
001 - NÚMERO DE CONTROL
campo de control 24874
003 - IDENTIFICADOR DE NÚMERO DE CONTROL
campo de control ES-MaACL
005 - FECHA Y HORA DE LA ÚLTIMA TRANSACCIÓN
campo de control 20230906153142.0
007 - CAMPO FIJO DE DESCRIPCIÓN FÍSICA--INFORMACIÓN GENERAL
campo de control de longitud fija t|
008 - DATOS DE LONGITUD FIJA--INFORMACIÓN GENERAL
campo de control de longitud fija 021219s1889 sp ||||1| spa d
245 00 - MENCIÓN DEL TÍTULO
Título Antología de poetas líricos italianos
Resto del título : traducidos en verso castellanos (1200-1889) /
Mención de responsabilidad, etc. obra recogida, ordenada, anotada y parte traducida por Juan Luis Estelrich.
260 ## - PUBLICACIÓN, DISTRIBUCIÓN, ETC.
Lugar de publicación, distribución, etc. Palma de Mallorca :
Nombre del editor, distribuidor, etc. [s.n.,
Fecha de publicación, distribución, etc. 1889] (
Fabricante Escuela Tipográfica Provincial)
300 ## - DESCRIPCIÓN FÍSICA
Extensión XXVIII, 884 p. ;
Dimensiones 22 cm.
700 1# - ENTRADA AGREGADA--NOMBRE PERSONAL
Nombre de persona Estelrich, Juan Luis,
Fechas asociadas al nombre 1856-1923
9 (RLIN) 151748
852 ## - LOCALIZACIÓN
Ubicación ES-MaACL
Número de control de estantería F-11540
Holdings
Estatus retirado Estado de pérdida Estado de daño No para préstamo Colección Biblioteca de origen Biblioteca actual Ubicación en estantería Fecha de adquisición Fuente de adquisición Total de préstamos Signatura topográfica completa Código de barras Visto por última vez Precio de reemplazo Tipo de ítem Koha
        Libros del s. XIX Biblioteca del Ateneo de Madrid Biblioteca del Ateneo de Madrid Sala Pecera Planta 2 17/01/2008     F-11540 1025647 23/02/2023 23/02/2023 Libro impreso antiguo